[Event "LSS SA-2010-0-00165"]
[Site "LSS email"]
[Date "2010.11.14"]
[Round "?"]
[White "Klimakovs, Sergejs"]
[Black "Mendieta Aibar, Pedro"]
[Result "0-1"]
[WhiteElo "2000"]
[BlackElo "2117"]
[PlyCount "52"]
[EventDate "2010.10.21"]
[EventType "tourn (corr)"]
[EventRounds "6"]
[EventCountry "GER"]
[SourceTitle "Telechess CBM 149"]
[Source "ChessBase"]
[SourceDate "2012.07.17"]
[SourceVersion "1"]
[SourceVersionDate "2012.07.17"]
[SourceQuality "1"]

1. e4 c5 2. Nf3 e6 3. d4 cxd4 4. Nxd4 a6 5. Nc3 Qc7 6. g3 Nc6 7. Nxc6 dxc6 8. Bg5 h6 9. Be3 Nf6 10. Bg2 e5 11. Na4 Nd7 12. c4 b5 13. Nc3 Nb6 14. Bxb6 Qxb6 15. 0-0 Be6 16. Qh5 Qb8 17. Rac1 Bxc4 18. Rfd1 Bb4 19. Nb1 0-0 20. b3 Be6 21. Rxc6 Rc8 22. Rcc1 Ra7 23. Bh3 Bxh3 24. Qxh3 Rac7 25. Qf1 Qb7 26. Rxc7 Qxc7 0-1

[Event "LSS SA-2010-0-00165"]
[Site "LSS email"]
[Date "2010.11.14"]
[Round "?"]
[White "Kroes, Friso"]
[Black "Mendieta Aibar, Pedro"]
[Result "1/2-1/2"]
[WhiteElo "1963"]
[BlackElo "2117"]
[PlyCount "111"]
[EventDate "2010.10.21"]
[EventType "tourn (corr)"]
[EventRounds "6"]
[EventCountry "GER"]
[SourceTitle "Telechess CBM 149"]
[Source "ChessBase"]
[SourceDate "2012.07.17"]
[SourceVersion "1"]
[SourceVersionDate "2012.07.17"]
[SourceQuality "1"]

1. e4 c5 2. Nf3 e6 3. d4 cxd4 4. Nxd4 a6 5. Nc3 Qc7 6. g3 Nc6 7. Bg2 Nf6 8. 0-0 d6 9. Re1 Rb8 10. Nxc6 bxc6 11. Na4 Be7 12. c4 0-0 13. b3 e5 14. Bb2 Bg4 15. Qc2 Nd7 16. Re3 h6 17. Bf3 Be6 18. Rd1 Rbd8 19. Qd2 Bg5 20. Qxd6 Qxd6 21. Rxd6 Bxe3 22. fxe3 Rc8 23. Bc3 c5 24. Kg2 Ra8 25. Ba5 Rfc8 26. Nc3 Kf8 27. g4 Ke7 28. Rd2 Rab8 29. Nd5+ Bxd5 30. exd5 Kd6 31. Rf2 Rf8 32. Bd1 f6 33. h4 e4 34. h5 Rfe8 35. Rf4 Ne5 36. Bc2 Nf7 37. Rxe4 Rxe4 38. Bxe4 Ne5 39. Kg3 Rg8 40. Kf4 Rf8 41. Bc3 Re8 42. Be1 a5 43. Bxa5 Nxg4 44. Bd2 Ne5 45. Be1 Rb8 46. Bc2 Re8 47. Bh4 Re7 48. a4 Ra7 49. Be1 Ra8 50. Bc3 Re8 51. a5 Rb8 52. e4 Nf7 53. Bd1 Ne5 54. Bd2 Rf8 55. Kf5 Rb8 56. Be1 1/2-1/2

[Event "LSS SA-2010-0-00165"]
[Site "LSS email"]
[Date "2010.11.14"]
[Round "?"]
[White "Mendieta Aibar, Pedro"]
[Black "Giurgiu, Nicolas T"]
[Result "0-1"]
[WhiteElo "2117"]
[BlackElo "2133"]
[PlyCount "134"]
[EventDate "2010.10.21"]
[EventType "tourn (corr)"]
[EventRounds "6"]
[EventCountry "GER"]
[SourceTitle "Telechess CBM 149"]
[Source "ChessBase"]
[SourceDate "2012.07.17"]
[SourceVersion "1"]
[SourceVersionDate "2012.07.17"]
[SourceQuality "1"]

1. e4 e5 2. Nf3 Nc6 3. Bb5 a6 4. Ba4 Nf6 5. d3 Bc5 6. c3 b5 7. Bb3 d6 8. h3 h6 9. Qe2 0-0 10. 0-0 Re8 11. Be3 Bxe3 12. Qxe3 Bd7 13. Re1 Na5 14. Bd1 c5 15. Nbd2 Qc7 16. a4 d5 17. exd5 Nxd5 18. Qe4 Bc6 19. axb5 axb5 20. Qf5 g6 21. Qg4 Nf4 22. Bc2 Kg7 23. Qg3 b4 24. Nh4 Rab8 25. c4 Ra8 26. Bb1 Qd7 27. Ndf3 Bxf3 28. Nxf3 f6 29. d4 cxd4 30. Be4 Nc6 31. Rad1 Rad8 32. h4 h5 33. b3 Ne7 34. Nxd4 Qd6 35. Bc6 Rf8 36. Bd5 Nfxd5 37. cxd5 Qxd5 38. f4 Qc5 39. Qe3 Rxd4 40. Rxd4 Qxd4 41. Qxd4 exd4 42. Rxe7+ Rf7 43. Re4 Rd7 44. Kf2 f5 45. Re2 Kf7 46. Rd2 Ke6 47. Re2+ Kd6 48. Re8 Ra7 49. Ke2 Ra2+ 50. Kd3 Rxg2 51. Rd8+ Kc6 52. Rc8+ Kd7 53. Rb8 Rg3+ 54. Kxd4 Rxb3 55. Ke5 Kc7 56. Rb5 Kc6 57. Rb8 Kc5 58. Rc8+ Kb5 59. Rb8+ Kc4 60. Rc8+ Kd3 61. Rb8 Ke3 62. Rb5 Kf3 63. Kf6 Kxf4 64. Kxg6 Kg4 65. Rxf5 Rb1 66. Rb5 Kxh4 67. Rxh5+ Kg4 0-1

[Event "LSS SA-2010-0-00165"]
[Site "LSS email"]
[Date "2010.11.14"]
[Round "?"]
[White "Mendieta Aibar, Pedro"]
[Black "Kolanek, Roman"]
[Result "1/2-1/2"]
[WhiteElo "2117"]
[BlackElo "2037"]
[PlyCount "40"]
[EventDate "2010.10.21"]
[EventType "tourn (corr)"]
[EventRounds "6"]
[EventCountry "GER"]
[SourceTitle "Telechess CBM 149"]
[Source "ChessBase"]
[SourceDate "2012.07.17"]
[SourceVersion "1"]
[SourceVersionDate "2012.07.17"]
[SourceQuality "1"]

1. e4 e6 2. d3 d5 3. Nd2 Nf6 4. e5 Nfd7 5. f4 Be7 6. Ngf3 0-0 7. d4 c5 8. c3 f6 9. Bd3 fxe5 10. fxe5 Nc6 11. Qe2 cxd4 12. cxd4 Nb4 13. h4 h6 14. Nb1 Nxd3+ 15. Qxd3 Qe8 16. Nc3 Qh5 17. Ne2 Qg4 18. 0-0 Nb8 19. Bxh6 Qe4 20. Qc3 gxh6 1/2-1/2

[Event "LSS SA-2010-0-00123"]
[Site "LSS email"]
[Date "2010.03.24"]
[Round "?"]
[White "Hrubaru, Mircea"]
[Black "Mendieta Aibar, Pedro"]
[Result "1/2-1/2"]
[WhiteElo "2090"]
[BlackElo "2070"]
[PlyCount "26"]
[EventDate "2010.02.23"]
[EventType "tourn (corr)"]
[EventRounds "6"]
[EventCountry "GER"]
[SourceTitle "Corr 2013"]
[Source "ChessBase"]
[SourceDate "2012.11.12"]
[SourceVersion "1"]
[SourceVersionDate "2012.11.12"]
[SourceQuality "1"]

1. d4 e6 2. e4 c5 3. Nf3 a6 4. c3 d5 5. e5 Nc6 6. Bd3 Bd7 7. 0-0 Rc8 8. a3 cxd4 9. cxd4 Qb6 10. Kh1 Nxd4 11. Be3 Bc5 12. Nxd4 Bxd4 13. Qg4 Bxe3 1/2-1/2

[Event "LSS SA-2010-0-00123"]
[Site "LSS email"]
[Date "2010.03.24"]
[Round "?"]
[White "Jovanovic, Bratislav"]
[Black "Mendieta Aibar, Pedro"]
[Result "1-0"]
[WhiteElo "2163"]
[BlackElo "2076"]
[PlyCount "95"]
[EventDate "2010.02.23"]
[EventType "tourn (corr)"]
[EventRounds "6"]
[EventCountry "GER"]
[SourceTitle "Telechess CBM 141"]
[Source "ChessBase"]
[SourceDate "2011.03.17"]
[SourceVersion "1"]
[SourceVersionDate "2011.03.17"]
[SourceQuality "1"]

1. e4 e6 2. d4 c5 3. Nf3 a6 4. d5 d6 5. c4 e5 6. Bd3 Be7 7. Nc3 Nf6 8. h3 h6 9. Be3 0-0 10. Qd2 Qc7 11. 0-0 Nbd7 12. g3 Nh7 13. Kg2 b6 14. a4 Re8 15. Rh1 Nhf8 16. b3 Ng6 17. Qe2 Nf6 18. Bd2 Bd7 19. Nd1 Reb8 20. Ne3 Bd8 21. Nf5 b5 22. axb5 axb5 23. Bc3 b4 24. Bb2 Bc8 25. Rhg1 Ne7 26. N3h4 Nxf5 27. Nxf5 Bxf5 28. exf5 Nd7 29. Rae1 Qc8 30. h4 Qb7 31. Rh1 Ra7 32. g4 Qc7 33. Bb1 Bf6 34. Rh3 Re8 35. Bc1 e4 36. g5 Bc3 37. Bd2 Qd8 38. gxh6 Nf6 39. Rg3 Be5 40. Rxg7+ Kh8 41. Bg5 Rg8 42. Rxg8+ Qxg8 43. Rg1 Bd4 44. Kh1 Qe8 45. h7 Nxh7 46. Bh6 f6 47. Bc2 Re7 48. Qg4 1-0

[Event "LSS ZH-2009-0-00357"]
[Site "LSS email"]
[Date "2009.11.18"]
[Round "?"]
[White "Markus, Roland"]
[Black "Mendieta Aibar, Pedro"]
[Result "1-0"]
[WhiteElo "2192"]
[BlackElo "2067"]
[PlyCount "49"]
[EventDate "2009.11.12"]
[EventType "match (corr)"]
[EventRounds "2"]
[EventCountry "GER"]
[SourceTitle "Telechess CBM 137"]
[Source "ChessBase"]
[SourceDate "2010.07.15"]
[SourceVersion "1"]
[SourceVersionDate "2010.07.15"]
[SourceQuality "1"]

1. e4 c5 2. Nf3 a6 3. c4 e6 4. Nc3 Nc6 5. d4 cxd4 6. Nxd4 Qc7 7. Be3 Nf6 8. Be2 Ne5 9. 0-0 Bb4 10. Na4 Nxe4 11. c5 0-0 12. Nb3 d6 13. Qd4 Bxc5 14. Qxe4 f5 15. Qc2 b6 16. Naxc5 bxc5 17. Rfd1 a5 18. a4 Bb7 19. Bf4 Nf7 20. Bb5 Bd5 21. Qc3 h6 22. Bd2 Ne5 23. Nxa5 Rf6 24. Be2 Rg6 25. g3 1-0

[Event "LSS ZH-2009-0-00357"]
[Site "LSS email"]
[Date "2009.11.18"]
[Round "?"]
[White "Mendieta Aibar, Pedro"]
[Black "Markus, Roland"]
[Result "1/2-1/2"]
[WhiteElo "2074"]
[BlackElo "2193"]
[PlyCount "45"]
[EventDate "2009.11.12"]
[EventType "match (corr)"]
[EventRounds "2"]
[EventCountry "GER"]
[SourceTitle "Telechess CBM 137"]
[Source "ChessBase"]
[SourceDate "2010.07.15"]
[SourceVersion "1"]
[SourceVersionDate "2010.07.15"]
[SourceQuality "1"]

1. e4 c6 2. d4 d5 3. e5 Bf5 4. Be3 e6 5. Nd2 Nd7 6. c3 f6 7. Ngf3 Qc7 8. Bf4 0-0-0 9. Bg3 fxe5 10. Nxe5 Nxe5 11. Bxe5 Bd6 12. Bxd6 Qxd6 13. Nf3 Bg4 14. h3 Bxf3 15. Qxf3 Kb8 16. Qe3 Re8 17. f4 Rf8 18. Qe5 Qxe5+ 19. fxe5 Ne7 20. Bd3 Rf7 21. Rf1 Rxf1+ 22. Kxf1 Rf8+ 23. Ke2 1/2-1/2

[Event "LSS SA-2009-0-00096"]
[Site "LSS email"]
[Date "2009.11.15"]
[Round "?"]
[White "De Waele, Willy"]
[Black "Mendieta Aibar, Pedro"]
[Result "0-1"]
[WhiteElo "2005"]
[BlackElo "2100"]
[PlyCount "112"]
[EventDate "2009.10.25"]
[EventType "tourn (corr)"]
[EventRounds "6"]
[EventCountry "GER"]
[SourceTitle "Telechess CBM 147"]
[Source "ChessBase"]
[SourceDate "2012.03.16"]
[SourceVersion "1"]
[SourceVersionDate "2012.03.16"]
[SourceQuality "1"]

1. e4 c5 2. Nf3 a6 3. c3 d6 4. d4 Qc7 5. h3 g6 6. Bd3 Nf6 7. 0-0 Bg7 8. Bf4 0-0 9. Nbd2 Nh5 10. Bg5 Re8 11. Qa4 Nd7 12. Qa3 b6 13. b4 e5 14. Rab1 Bb7 15. bxc5 dxc5 16. d5 Nf4 17. Bc2 h6 18. Bh4 b5 19. Rfe1 Rac8 20. Qb2 c4 21. a4 Rb8 22. axb5 axb5 23. Qa1 Ra8 24. Qb2 Ba6 25. Bg3 Reb8 26. Qc1 g5 27. Nf1 Bf8 28. h4 f6 29. hxg5 hxg5 30. Bxf4 gxf4 31. Nh4 Bc8 32. Nf5 Nc5 33. Nd2 Rb7 34. Qd1 Qh7 35. Rb2 Qh8 36. Qg4+ Rg7 37. Qf3 Rh7 38. g3 fxg3 39. Nxg3 Qg7 40. Rxb5 Ra2 41. Qd1 Bg4 42. Qb1 Nd3 43. Qxa2 Nxe1 44. Kf1 Nf3 45. Bd1 Nxd2+ 46. Ke1 Bxd1 47. Kxd2 Bb3 48. Qa6 Rh2 49. Qe6+ Kh8 50. Rb8 Rxf2+ 51. Ke1 Rh2 52. Rxf8+ Qxf8 53. Nf5 Ba4 54. Qd6 Qxd6 55. Nxd6 Rh3 56. Nxc4 Rxc3 0-1

[Event "LSS SA-2009-0-00096"]
[Site "LSS email"]
[Date "2009.11.15"]
[Round "?"]
[White "Mendieta Aibar, Pedro"]
[Black "Jovanovic, Bratislav"]
[Result "1/2-1/2"]
[WhiteElo "2071"]
[BlackElo "2082"]
[PlyCount "35"]
[EventDate "2009.10.25"]
[EventType "tourn (corr)"]
[EventRounds "6"]
[EventCountry "GER"]
[SourceTitle "Telechess CBM 137"]
[Source "ChessBase"]
[SourceDate "2010.07.15"]
[SourceVersion "1"]
[SourceVersionDate "2010.07.15"]
[SourceQuality "1"]

1. e4 e6 2. d4 d5 3. Nc3 Bb4 4. e5 c5 5. a3 Bxc3+ 6. bxc3 Qa5 7. Bd2 Qa4 8. Qc1 Nc6 9. Rb1 c4 10. Be2 Nge7 11. Bg4 b6 12. Ne2 Bd7 13. Nf4 0-0-0 14. 0-0 Kc7 15. Nh5 Rhg8 16. Re1 Rdf8 17. Qb2 Qa5 18. Bf4 1/2-1/2

[Event "LSS SA-2009-0-00094"]
[Site "LSS email"]
[Date "2009.11.05"]
[Round "?"]
[White "Herzog, Klaus"]
[Black "Mendieta Aibar, Pedro"]
[Result "0-1"]
[WhiteElo "1807"]
[BlackElo "2104"]
[PlyCount "74"]
[EventDate "2009.10.17"]
[EventType "tourn (corr)"]
[EventRounds "6"]
[EventCountry "GER"]
[SourceTitle "Corr 2013"]
[Source "ChessBase"]
[SourceDate "2012.11.12"]
[SourceVersion "1"]
[SourceVersionDate "2012.11.12"]
[SourceQuality "1"]
[WhiteTeam "US of America"]
[BlackTeam "US of America"]
[WhiteTeamCountry "USA"]
[BlackTeamCountry "USA"]

1. d4 Nf6 2. c4 g6 3. Nc3 Bg7 4. e4 d6 5. f3 0-0 6. Be3 e5 7. d5 c6 8. Bd3 cxd5 9. cxd5 Ne8 10. Qd2 Na6 11. Nge2 Nc5 12. Bc2 a5 13. 0-0 Bd7 14. b3 Rc8 15. a3 f5 16. b4 Na6 17. exf5 gxf5 18. Ba4 axb4 19. axb4 Nf6 20. Rfb1 f4 21. Bxd7 Qxd7 22. Bb6 e4 23. fxe4 Ng4 24. Nd4 Ne3 25. Ba7 Rc4 26. Ncb5 Qe7 27. Rc1 Rxb4 28. Rxa6 bxa6 29. Qxb4 Qxe4 30. Qd2 axb5 31. Nxb5 Be5 32. Re1 Qc4 33. Rb1 Nxd5 34. Kh1 Ne3 35. Kg1 Qe4 36. Rb4 Qg6 37. Bxe3 fxe3 0-1

[Event "LSS SA-2009-0-00094"]
[Site "LSS email"]
[Date "2009.11.05"]
[Round "?"]
[White "Llorente Alvarez, Jose Luis"]
[Black "Mendieta Aibar, Pedro"]
[Result "1-0"]
[WhiteElo "2125"]
[BlackElo "2070"]
[PlyCount "103"]
[EventDate "2009.10.17"]
[EventType "tourn (corr)"]
[EventRounds "6"]
[EventCountry "GER"]
[SourceTitle "Corr 2013"]
[Source "ChessBase"]
[SourceDate "2012.11.12"]
[SourceVersion "1"]
[SourceVersionDate "2012.11.12"]
[SourceQuality "1"]
[WhiteTeam "US of America"]
[BlackTeam "US of America"]
[WhiteTeamCountry "USA"]
[BlackTeamCountry "USA"]

1. e4 c5 2. Nf3 d6 3. d4 cxd4 4. Nxd4 Nf6 5. Nc3 g6 6. Be3 a6 7. f3 Bg7 8. Qd2 b5 9. 0-0-0 Bb7 10. Bh6 Bxh6 11. Qxh6 Qb6 12. Kb1 Nbd7 13. a3 Rb8 14. Na2 Rc8 15. c3 Rg8 16. h4 Rc5 17. Nb4 g5 18. hxg5 Rcxg5 19. Ka1 R8g6 20. Qh2 Nc5 21. Qg1 h5 22. Qe3 e5 23. Ndc2 Bc8 24. Nd3 Be6 25. Nxc5 dxc5 26. c4 Kf8 27. Qc3 Ne8 28. Ne3 Nd6 29. cxb5 axb5 30. Nd5 Bxd5 31. Rxd5 Nb7 32. Qd2 Na5 33. Kb1 Nb3 34. Qc3 c4 35. Qb4+ Kg7 36. Rxb5 Qd6 37. Bxc4 Nd2+ 38. Ka2 Rxg2 39. Bd5 Qxb4 40. Rxb4 R2g5 41. Rb7 Rf6 42. a4 Nxf3 43. a5 h4 44. Rb6 Rxb6 45. axb6 Rg6 46. b7 Rb6 47. Rf1 Ng5 48. Rg1 Kf6 49. Rh1 h3 50. Ka3 Kg6 51. b4 Ne6 52. Ka4 1-0

[Event "LSS SA-2009-0-00094"]
[Site "LSS email"]
[Date "2009.11.05"]
[Round "?"]
[White "Mendieta Aibar, Pedro"]
[Black "Nenciulescu, Silviu Catalin"]
[Result "1-0"]
[WhiteElo "2084"]
[BlackElo "1888"]
[PlyCount "79"]
[EventDate "2009.10.17"]
[EventType "tourn (corr)"]
[EventRounds "6"]
[EventCountry "GER"]
[SourceTitle "Telechess CBM 141"]
[Source "ChessBase"]
[SourceDate "2011.03.17"]
[SourceVersion "1"]
[SourceVersionDate "2011.03.17"]
[SourceQuality "1"]

1. e4 e5 2. Bc4 Nf6 3. d3 c6 4. Bb3 d5 5. Nf3 Bb4+ 6. Bd2 Bd6 7. exd5 cxd5 8. 0-0 0-0 9. Nc3 Be6 10. Bg5 Nc6 11. Nxd5 Bxd5 12. Bxd5 Re8 13. c3 Rc8 14. Bxf6 Qxf6 15. Re1 Rcd8 16. Qa4 Bb8 17. Qe4 Rd7 18. Bc4 Ree7 19. b4 a6 20. a4 Na7 21. b5 a5 22. Qg4 Nc8 23. Re3 Nb6 24. Bb3 Bc7 25. Rae1 h6 26. Qe4 Kh8 27. Kf1 Bd6 28. Nh4 Qf4 29. Nf5 Qxe4 30. Rxe4 Re8 31. Nxd6 Rxd6 32. d4 Rd7 33. c4 Rc7 34. Rxe5 Rxe5 35. Rxe5 Nxc4 36. Rc5 Rxc5 37. dxc5 Nd2+ 38. Ke1 Ne4 39. c6 bxc6 40. bxc6 1-0

[Event "LSS SA-2009-0-00091"]
[Site "LSS email"]
[Date "2009.10.22"]
[Round "?"]
[White "Slezak, Robert"]
[Black "Mendieta Aibar, Pedro"]
[Result "1/2-1/2"]
[WhiteElo "2074"]
[BlackElo "2075"]
[PlyCount "52"]
[EventDate "2009.10.04"]
[EventType "tourn (corr)"]
[EventRounds "6"]
[EventCountry "GER"]
[SourceTitle "Corr 2013"]
[Source "ChessBase"]
[SourceDate "2012.11.12"]
[SourceVersion "1"]
[SourceVersionDate "2012.11.12"]
[SourceQuality "1"]
[WhiteTeam "US of America"]
[BlackTeam "US of America"]
[WhiteTeamCountry "USA"]
[BlackTeamCountry "USA"]

1. e4 c5 2. Nf3 d6 3. d4 cxd4 4. Nxd4 Nf6 5. Nc3 a6 6. f3 g6 7. Be3 Bg7 8. Qd2 0-0 9. 0-0-0 Nc6 10. g4 Bd7 11. h4 h5 12. g5 Ne8 13. Nd5 Nxd4 14. Bxd4 Bxd4 15. Qxd4 b5 16. Qe3 Nc7 17. Nb6 Rb8 18. Nxd7 Qxd7 19. Bh3 Qc6 20. f4 b4 21. f5 a5 22. e5 a4 23. fxg6 b3 24. axb3 axb3 25. Rh2 fxg6 26. exd6 exd6 1/2-1/2

[Event "ZH-2009-0-00273"]
[Site "LSS email"]
[Date "2009.04.07"]
[Round "?"]
[White "Mendieta Aibar, Pedro"]
[Black "Siger, Csaba"]
[Result "1/2-1/2"]
[WhiteElo "2009"]
[BlackElo "2062"]
[PlyCount "48"]
[EventDate "2009.03.27"]
[EventType "match (corr)"]
[EventRounds "2"]
[EventCountry "GER"]
[SourceTitle "Corr 2022"]
[Source "ChessBase"]
[SourceDate "2021.10.24"]
[SourceVersion "1"]
[SourceVersionDate "2021.10.24"]
[SourceQuality "1"]

1. e4 e6 2. d4 d5 3. Nd2 Nf6 4. Bd3 c5 5. e5 Nfd7 6. c3 Nc6 7. Ngf3 cxd4 8. cxd4 f6 9. exf6 Nxf6 10. 0-0 Bd6 11. Nb3 0-0 12. Re1 a5 13. h3 Qe7 14. Bd2 a4 15. Nc1 a3 16. Rb1 Nb4 17. Re3 axb2 18. Rxb2 Nxd3 19. Nxd3 Ne4 20. Bb4 Bxb4 21. Nxb4 Bd7 22. Nd3 Nd6 23. Re1 Bc6 24. Nfe5 Nc4 1/2-1/2

[Event "LSS ZH-2009-0-00249"]
[Site "LSS email"]
[Date "2009.02.05"]
[Round "?"]
[White "Aalderink, Gerwin"]
[Black "Mendieta Aibar, Pedro"]
[Result "1/2-1/2"]
[WhiteElo "2117"]
[BlackElo "2070"]
[PlyCount "65"]
[EventDate "2009.01.22"]
[EventType "match (corr)"]
[EventRounds "2"]
[EventCountry "GER"]
[SourceTitle "Corr 2011"]
[Source "ChessBase"]
[SourceDate "2010.08.31"]
[SourceVersion "1"]
[SourceVersionDate "2010.08.31"]
[SourceQuality "1"]

1. Nf3 c5 2. c4 Nf6 3. Nc3 Nc6 4. d4 cxd4 5. Nxd4 h5 6. e3 g6 7. Be2 Bg7 8. 0-0 0-0 9. b3 d5 10. Bb2 Nxd4 11. exd4 Bf5 12. Re1 dxc4 13. bxc4 Rc8 14. Qb3 b5 15. cxb5 Qxd4 16. Rad1 Qc5 17. Rc1 Qd4 18. Red1 Qe5 19. Bf3 Ng4 20. g3 Be6 21. Qa3 Qf5 22. Bxg4 Qxg4 23. Nd5 Bxd5 24. Rxd5 Rxc1+ 25. Bxc1 e6 26. Rd7 Qc4 27. Be3 Qxb5 28. Rxa7 Rb8 29. Qd6 Qb1+ 30. Kg2 Qe4+ 31. Kh3 Rf8 32. Qe7 Qh1 33. Qb7 1/2-1/2

[Event "LSS ZH-2009-0-00244"]
[Site "LSS email"]
[Date "2009.01.23"]
[Round "?"]
[White "Deuler, Dom"]
[Black "Mendieta Aibar, Pedro"]
[Result "0-1"]
[WhiteElo "2100"]
[BlackElo "2081"]
[PlyCount "116"]
[EventDate "2009.01.22"]
[EventType "match (corr)"]
[EventRounds "2"]
[EventCountry "GER"]
[SourceTitle "Corr 2011"]
[Source "ChessBase"]
[SourceDate "2010.08.31"]
[SourceVersion "1"]
[SourceVersionDate "2010.08.31"]
[SourceQuality "1"]

1. e4 c5 2. c3 d5 3. d3 Nc6 4. Nd2 Nf6 5. Ngf3 e5 6. Qa4 Qc7 7. h4 Be7 8. Be2 0-0 9. exd5 Nxd5 10. Ne4 h6 11. 0-0 Be6 12. Re1 Rad8 13. Bd2 c4 14. dxc4 Nb6 15. Qb3 f5 16. Ng3 e4 17. Nd4 Nxd4 18. cxd4 Rxd4 19. Be3 Rdd8 20. Nh5 Bxh4 21. Nf4 Bf7 22. Rec1 Bg5 23. g3 Qc6 24. a4 Rd7 25. a5 Nc8 26. Qb4 Rfd8 27. Bd1 Qc7 28. Ba4 Rd3 29. Qe1 Bxf4 30. Bxf4 Qe7 31. Bc2 R3d4 32. c5 Qf6 33. Qc3 Qa6 34. Ra4 R4d7 35. Raa1 Rd5 36. b4 Ne7 37. Qb2 Qg6 38. a6 bxa6 39. Qa3 Qg4 40. Bb3 Nc6 41. Qxa6 Nd4 42. Bxd5 Rxd5 43. Re1 g5 44. c6 Nf3+ 45. Kg2 gxf4 46. c7 Nh4+ 47. Kg1 fxg3 48. c8Q+ Kh7 49. f4 Qh5 50. Qh8+ Kxh8 51. Qf6+ Kg8 52. Qxh4 Qxh4 53. Re2 Bh5 54. Rg2 Rd2 55. Rxd2 Bf3 56. Rd8+ Qxd8 57. Re1 Qh4 58. Rc1 Qh1# 0-1

[Event "LSS ZH-2009-0-00244"]
[Site "LSS email"]
[Date "2009.01.23"]
[Round "?"]
[White "Mendieta Aibar, Pedro"]
[Black "Deuler, Dom"]
[Result "1/2-1/2"]
[WhiteElo "2081"]
[BlackElo "2100"]
[PlyCount "118"]
[EventDate "2009.01.22"]
[EventType "match (corr)"]
[EventRounds "2"]
[EventCountry "GER"]
[SourceTitle "Corr 2011"]
[Source "ChessBase"]
[SourceDate "2010.08.31"]
[SourceVersion "1"]
[SourceVersionDate "2010.08.31"]
[SourceQuality "1"]

1. e4 c5 2. Nf3 d6 3. Nc3 e6 4. Bc4 Nc6 5. 0-0 Be7 6. d4 cxd4 7. Nxd4 Nf6 8. Be3 0-0 9. h3 a6 10. a3 Ne5 11. Ba2 Qc7 12. Qe2 b5 13. Rad1 Bb7 14. f3 Nh5 15. Rfe1 Bh4 16. f4 Ng3 17. Qd2 Nxe4 18. Nxe4 Bxe1 19. Rxe1 Bxe4 20. fxe5 dxe5 21. Bf2 Qb7 22. Nb3 Rad8 23. Qg5 Qd5 24. Nc1 Qc6 25. Nd3 Bxd3 26. cxd3 Rxd3 27. Bb1 Rd7 28. Qxe5 Rfd8 29. Be4 Qd6 30. Qc3 Rc7 31. Qa5 Rdc8 32. Be3 Qe5 33. Bf3 Qxb2 34. Qxa6 Rc3 35. a4 bxa4 36. Qxa4 Rd3 37. Qa6 Rdd8 38. Rf1 Qb8 39. Bh5 g6 40. Bf3 Rc3 41. Bg5 Rdc8 42. Kh1 Qc7 43. Rd1 Qe5 44. Bh6 Rb8 45. Qa1 Qc7 46. Rd3 Rc8 47. Bb7 g5 48. Rxc3 Qxc3 49. Qxc3 Rxc3 50. Bxg5 Kg7 51. Kg1 f6 52. Bd2 Rc2 53. Bf4 f5 54. Be5+ Kf7 55. Bf3 Rc5 56. Bd4 Rc4 57. Be5 Rc5 58. Bd4 Rc4 59. Be5 Rc5 1/2-1/2

[Event "LSS SB-2008-0-00035"]
[Site "LSS email"]
[Date "2008.12.06"]
[Round "?"]
[White "Bearce, Harold L"]
[Black "Mendieta Aibar, Pedro"]
[Result "0-1"]
[WhiteElo "1443"]
[BlackElo "1993"]
[PlyCount "40"]
[EventDate "2008.11.30"]
[EventType "tourn (corr)"]
[EventRounds "6"]
[EventCountry "GER"]
[SourceTitle "Corr 2011"]
[Source "ChessBase"]
[SourceDate "2010.08.31"]
[SourceVersion "1"]
[SourceVersionDate "2010.08.31"]
[SourceQuality "1"]

1. d4 Nf6 2. c4 g6 3. Nc3 Bg7 4. e4 d6 5. Nf3 0-0 6. Bd3 Na6 7. a3 Bg4 8. h3 Bxf3 9. Qxf3 Nd7 10. Bf4 Bxd4 11. Rc1 Ne5 12. Bxe5 Bxe5 13. 0-0 c6 14. b4 Nc7 15. Na4 Ne6 16. Nc3 a5 17. b5 a4 18. bxc6 bxc6 19. Rb1 Bxc3 20. Qe2 Qa5 0-1

[Event "LSS RB-2008-0-00032"]
[Site "LSS email"]
[Date "2008.11.06"]
[Round "?"]
[White "Mendieta Aibar, Pedro"]
[Black "McDowall, Michael"]
[Result "1-0"]
[WhiteElo "2070"]
[BlackElo "1859"]
[PlyCount "153"]
[EventDate "2008.10.20"]
[EventType "tourn (corr)"]
[EventRounds "6"]
[EventCountry "GER"]
[SourceTitle "Corr 2011"]
[Source "ChessBase"]
[SourceDate "2010.08.31"]
[SourceVersion "1"]
[SourceVersionDate "2010.08.31"]
[SourceQuality "1"]

1. e4 c5 2. Nf3 d6 3. d4 cxd4 4. Nxd4 Nf6 5. Nc3 e6 6. Be3 a6 7. Be2 Be7 8. Qd2 Qc7 9. 0-0 b5 10. f3 0-0 11. Kh1 Bb7 12. a4 b4 13. Na2 d5 14. e5 Qxe5 15. Bf4 Qh5 16. Nxb4 a5 17. Nd3 Nbd7 18. Nb3 d4 19. Bg3 Qd5 20. Nf4 Qg5 21. Bb5 Nc5 22. Ne2 Qxd2 23. Nxd2 Rad8 24. Nc4 d3 25. cxd3 Nb3 26. Rad1 Bb4 27. d4 Bd5 28. Nb6 Nd2 29. Rf2 Bb3 30. Rc1 Nd5 31. Nd7 Rxd7 32. Bxd7 Nb6 33. Rc7 Nxd7 34. Rxd7 Nc4 35. Nc3 h6 36. Re2 Bxc3 37. bxc3 Bxa4 38. Rb7 Ra8 39. Ra2 Bc6 40. Rb8+ Rxb8 41. Bxb8 g5 42. Kg1 f6 43. Kf2 Kf7 44. h3 h5 45. g4 hxg4 46. hxg4 a4 47. Ba7 Kg6 48. Bc5 Kf7 49. Ke2 Bb5 50. Ke1 Bd7 51. Rh2 Bc6 52. Ke2 Kg7 53. Rh1 Bb5 54. Kf2 Bc6 55. Rb1 Bxf3 56. Rb4 Bd5 57. Rxa4 f5 58. gxf5 exf5 59. Be7 Kg6 60. Rb4 Be6 61. Rb5 Nd2 62. Ke3 Ne4 63. Re5 Bb3 64. d5 Nxc3 65. d6 Ba4 66. Kd4 Ne4 67. Ra5 Be8 68. Ra8 Kf7 69. Ke5 g4 70. Ra7 Nc5 71. Bg5+ Kg6 72. Be3 Nd7+ 73. Ke6 Nf6 74. Bd4 Ne4 75. Rg7+ Kh5 76. d7 Bxd7+ 77. Rxd7 1-0

[Event "LSS RB-2008-0-00032"]
[Site "LSS email"]
[Date "2008.11.06"]
[Round "?"]
[White "Silva"]
[Black "Mendieta Aibar, Pedro"]
[Result "1/2-1/2"]
[WhiteElo "1979"]
[BlackElo "1984"]
[PlyCount "48"]
[EventDate "2008.10.20"]
[EventType "tourn (corr)"]
[EventRounds "6"]
[EventCountry "GER"]
[SourceTitle "Corr 2013"]
[Source "ChessBase"]
[SourceDate "2012.11.12"]
[SourceVersion "1"]
[SourceVersionDate "2012.11.12"]
[SourceQuality "1"]

1. Nf3 c5 2. e4 d6 3. Bc4 Nf6 4. Nc3 Nc6 5. d4 cxd4 6. Nxd4 e6 7. 0-0 Be7 8. Be3 0-0 9. Bb3 a6 10. f4 d5 11. e5 Nd7 12. Qe2 Bc5 13. Nxc6 bxc6 14. Na4 Bxe3+ 15. Qxe3 a5 16. c4 Ba6 17. Rac1 Qe7 18. Rf2 h6 19. Rfc2 Rfb8 20. Rc3 Qb4 21. a3 Qb7 22. Qf2 Qa7 23. Qxa7 Rxa7 24. cxd5 cxd5 1/2-1/2